书目信息 |
| 题名: |
人造地球卫星轨道理论及应用
|
|
| 作者: | 赵文策 , 张平 , 高家智 编著 | |
| 分册: | ||
| 出版信息: | 北京 机械工业出版社 2021.01 |
|
| 页数: | X, 403页 | |
| 开本: | 26cm | |
| 丛书名: | ||
| 单 册: | ||
| 中图分类: | V412.4 | |
| 科图分类: | ||
| 主题词: | 人造地球卫星--ren zao di qiu wei xing--卫星轨道 | |
| 电子资源: | ||
| ISBN: | 978-7-111-66908-1 | |
| 000 | 01296nam0 2200289 450 | |
| 001 | 202021044990 | |
| 005 | 20211025120153.0 | |
| 010 | @a978-7-111-66908-1@dCNY99.00 | |
| 100 | @a20211006d2021 em y0chiy50 ea | |
| 101 | 0 | @achi |
| 102 | @aCN@b110000 | |
| 105 | @aa a 000yy | |
| 106 | @ar | |
| 200 | 1 | @a人造地球卫星轨道理论及应用@Aren zao di qiu wei xing gui dao li lun ji ying yong@f赵文策, 张平, 高家智等编著 |
| 210 | @a北京@c机械工业出版社@d2021.01 | |
| 215 | @aX, 403页@c图@d26cm | |
| 312 | @a英文题名取自封面 | |
| 320 | @a有书目 (第402-403页) | |
| 330 | @a本书首先介绍了人造地球卫星的轨道及运动规律, 在深入分析二体问题的基础上, 通过详细的理论推导, 建立了卫星运行的摄动运动方程, 并研究了摄动运动方程的一阶分析解 ; 然后, 系统探讨了卫星运动理论的应用, 对满足各种任务要求的卫星轨道和发射段弹道设计提出了解决方案, 并介绍了卫星组网常用构型和编队飞行问题 ; 最后, 分别介绍了冲量假设和有限推力情况下, 为完成特定任务, 卫星轨道所发生的有意改变。 | |
| 510 | 1 | @aOrbit theory and application of satellite@zeng |
| 606 | 0 | @a人造地球卫星@Aren zao di qiu wei xing@x卫星轨道 |
| 690 | @aV412.4@v5 | |
| 701 | 0 | @a赵文策@Azhao wen ce@4编著 |
| 701 | 0 | @a张平@Azhang ping@4编著 |
| 701 | 0 | @a高家智@Agao jia zhi@4编著 |
| 801 | 0 | @aCN@c20210909 |
| 905 | @a河南城建学院图书馆@dV412.4@eZ330 | |
| 人造地球卫星轨道理论及应用/赵文策, 张平, 高家智等编著.-北京:机械工业出版社,2021.01 |
| X, 403页:图;26cm |
| ISBN 978-7-111-66908-1:CNY99.00 |
| 本书首先介绍了人造地球卫星的轨道及运动规律, 在深入分析二体问题的基础上, 通过详细的理论推导, 建立了卫星运行的摄动运动方程, 并研究了摄动运动方程的一阶分析解 ; 然后, 系统探讨了卫星运动理论的应用, 对满足各种任务要求的卫星轨道和发射段弹道设计提出了解决方案, 并介绍了卫星组网常用构型和编队飞行问题 ; 最后, 分别介绍了冲量假设和有限推力情况下, 为完成特定任务, 卫星轨道所发生的有意改变。 |
| ● |
| 相关链接 |
|
|
|
正题名:人造地球卫星轨道理论及应用
索取号:V412.4/Z330
 
预约/预借
| 序号 | 登录号 | 条形码 | 馆藏地/架位号 | 状态 | 备注 |
| 1 | 1544693 | 215446934 | 自科库501/501自科库 89排2列4层/ [索取号:V412.4/Z330] | 在馆 | |
| 2 | 1544694 | 215446943 | 自科库501/501自科库 89排2列4层/ [索取号:V412.4/Z330] | 在馆 |